Statistiques concernant Disney Lettre S

Cliquez ici pour prendre le quiz!

Statistiques générales

  • Ce quiz a été pris 399 fois
  • Le résultat moyen est 13 sur 21

Statistiques - réponses

QuestionRéponse% Correct
Seul nain chez Blanche Neige qui ne parle pasSimplet
97%
Grand méchant du Roi LionScar
95%
Louis, Abu, Tok ou encore Rafiki sont desSinges
91%
Madame Mim, Maléfique ou encore Mama Odie sont desSorcières
89%
Croquenote, Gus, Watson ou encore Timothée en sontSouris
88%
Race des chats dans la Belle et le ClochardSiamois
87%
Kaa, Triste sir ou encore Juju sont desSerpent
85%
Sport préféré de Lilo et sa soeurSurf
84%
Animal représenté par TimonSurricate
82%
Titre honorifique du père de JasmineSultan
77%
Chanteuse qui a interprétée la bande son de ZootopieShakira
73%
Acolyte de Bob RazowskiSully
72%
Nom de famille de la théière dans la Belle et la BêteSamovar
57%
Véhicule permettant à Milo et son equipage de rejoindre l'AtlantideSous marin
53%
Grand méchant du Livre de la jungleShere Khan
52%
Long métrage Pixar où le héros meurt dès le débutSoul
40%
Super-héros méchant des IndestructiblesSyndrome
36%
Appelation du méchant des " Mondes de Ralph " : Sa ...Sucrerie
31%
Les nouveaux héros se déroule dans une ville fictive entre Tokyo etSan francisco
25%
Aristochat musicien qui joue de la trompetteScat Cat
19%
Panthère qui tue les parents de TarzanSabor
13%

Distribution des résultats

Percentile par nombre de réponses

% des personnes avec chaque résultat

Votre développement - résultats

Vous n’avez pas pris ce quiz